000 00503nam a22001697a 4500
003 OSt
008 260416b |||||||| |||| 00| 0 eng d
082 _a581.2326
_bR95E
100 _aRoy, Jitendra Kumar
245 _aEpidemiology and Management of White Rust of Rapeseed and Mustrard caused by Albugo candida (Pers. ex Lev.) Kuntze
260 _aPusa, Samastiapur
_bRAU, Samastipur
_c2007
300 _a41P.
502 _bMsc.
_d2007
650 _aPlant Pathology
650 _aMsc.
942 _2ddc
_cT
999 _c50060
_d50060